Business law. (Record no. 4781)
[ view plain ]
| 000 -LEADER | |
|---|---|
| fixed length control field | 00821nhm a22002292a 4500 |
| 020 ## - INTERNATIONAL STANDARD BOOK NUMBER | |
| ISBN | 9781408066614 |
| 020 ## - INTERNATIONAL STANDARD BOOK NUMBER | |
| ISBN | 1408066610 |
| 050 ## - CALL NUMBER | |
| Classification number | KD1629 |
| Item number | .Ab2 |
| 100 ## - AUTHOR | |
| Personal name | Abbott, Keith |
| 245 ## - TITLE | |
| Title | Business law. |
| Statement of responsibility, etc | Keith Abbott; N Pendlebury; Kevin Wardman |
| 250 ## - EDITION | |
| Edition statement | 9th ed. |
| 260 ## - PUBLICATION INFORMATION | |
| Place of publication | Andover : Cengage Learning, 2013. |
| 300 ## - DESCRIPTION | |
| Number of Pages | XXV,677pages |
| Dimensions | 24cm. |
| 500 ## - NOTES | |
| General note | Previous edition: 2007.<br/>Includes index.<br/> |
| 505 ## - FORMATTED CONTENTS NOTE | |
| Table of Content | PT. 1. The English Legal System<br/>PT. 2.The law of Contract<br/>PT. 3. The Law of Torts<br/>PT. 4. Commercial Law<br/>PT. 5. Sole Trader, Partnership and Company<br/>PT. 6. Employment Law<br/><br/> |
| 650 ## - SUBJECTS | |
| Topical Term | Commercial law -- England. |
| 650 ## - SUBJECTS | |
| Topical Term | Commercial law -- Wales. |
| 650 ## - SUBJECTS | |
| Topical Term | Commercial law. |
| 700 ## - OTHER AUTHORS | |
| Personal name | N Pendlebury; |
| 710 ## - OTHER AUTHORS | |
| OTHER AUTHORS | Kevin Wardman |
| 942 ## - ADDED ENTRY ELEMENTS (KOHA) | |
| Koha item type | Books |
| Withdrawn status | Lost status | Collection code | Home library | Current library | Shelving location | Date acquired | Source of acquisition | Full call number | Accession Number | Koha item type |
|---|---|---|---|---|---|---|---|---|---|---|
| Reference | Methodist University Law Library | Methodist University Law Library | General Stacks | Legon Book Shop | KD1629 .Ab2 | 5010 | Books |